Virtual reality (Record no. 81276)

MARC details
000 -LEADER
fixed length control field 01171cab a22002055a 4500
001 - CONTROL NUMBER
control field L146753
008 - FIXED-LENGTH DATA ELEMENTS--GENERAL INFORMATION
fixed length control field 090224e20090220xxk f v 000 0 eng d
035 ## - SYSTEM CONTROL NUMBER
System control number (Sirsi) u146753
041 0# - LANGUAGE CODE
Language code of text/sound track or separate title eng
100 1# - MAIN ENTRY--PERSONAL NAME
Personal name Gordon, Warren
245 00 - TITLE STATEMENT
Title Virtual reality
260 ## - PUBLICATION, DISTRIBUTION, ETC.
Date of publication, distribution, etc. 2009
490 #0 - SERIES STATEMENT
Series statement Property Week
Volume/sequential designation 75(8) 20 February 2009, 50(1)
520 ## - SUMMARY, ETC.
Summary, etc. Summarises the case of [2009] EWCH 77 (Ch), 23 January 2009 (see L14667). The case is probably the first occasion on which the courts were required to consider the implications of a virtual lease assignment in the context of a claim for the alleged breach of a tenant's alienation covenants in a commercial lease. Held: declaration granted in favour of claimant. The virtual assignment was not in breach of the covenants restricting underletting, assignment or executions of declarations of trust. However, it was in breach of the covenant restricting the parting with or sharing of possession of the premises.
590 ## - LOCAL NOTE (RLIN)
Local note KA
650 24 - SUBJECT ADDED ENTRY--TOPICAL TERM
Topical term or geographic name entry element CLARENCE HOUSE LTD V NATIONAL WESTMINSTER BANK PLC
651 #4 - SUBJECT ADDED ENTRY--GEOGRAPHIC NAME
Geographic name England and Wales
Chronological subdivision 1543-
690 ## - LOCAL SUBJECT ADDED ENTRY--TOPICAL TERM (OCLC, RLIN)
Topical term or geographic name as entry element PROPERTY-LEASEHOLD PROPERTY-LANDLORD AND TENANT-TENANCIES
942 ## - ADDED ENTRY ELEMENTS (KOHA)
Suppress in OPAC 0
Holdings
Withdrawn status Lost status Source of classification or shelving scheme Damaged status Not for loan Home library Current library Shelving location Date acquired Total Checkouts Full call number Barcode Date last seen Copy number Price effective from Koha item type
    Dewey Decimal Classification     London London Journal article 24/02/2009   L146753 146753-1001 06/08/2019 1 06/08/2019 Journal article